000 00840nam a2200217 i 4500
001 180065
003 ES-MaACL
005 20230906221000.0
008 120410s2011 xxu |||| | spa d
080 _a22.014
100 1 _aCabrera Leiva, Guillermo.
_9140814
245 1 3 _aEl alto precio de la Biblia /
_cpor Guillermo Cabrera Leiva.
260 _aMiami, Florida :
_bCuadernos Cristianos,
_c2011.
300 _a5 p. :
_b1 il. ;
_c22 cm.
586 _aPremio Hispanoamericano de Prensa "Miguel de Cervantes". Madrid, 1974
594 _aDatos tomados de cubierta.
595 _aArtículo publicado en: "Diario Las Américas", Miami, Florida, el domingo 21 de diciembre de 2003.
599 _ail.: Port. de la primera Biblia traducida al español.
630 0 4 _aBiblia-
_xCrítica textual.
_9149754
852 _aES-MaACL
_j2309-F-23
999 _c180065
_d180065